000 00320nam a22001457a 4500
008 221108b ||||| |||| 00| 0 eng d
020 _a9781402210648
041 _aeng
080 _a781
082 _a781 AL
100 _a20.1
101 _aMUZIK
245 _aSOMETHING ABOUT THE BLUES
_cAL YOUNG
942 _2udc
_cBK
999 _c58793
_d58793